000
00182nam a2200073Ia 4500
008
170617s9999 xx 000 0 und d
100
_a
Bilgrami & Sinha
245
0
_a
Essential of Microbiology
260
_b
Elesvir Pub
999
_c
15084
_d
15084